10 najbardziej wysuniętych na północ państw Azji - Statystyki

Ogólne statystyki
  • Ten quiz został rozwiązany 633 razy
  • Średni wynik to 9 z 10
Statystyki odpowiedzi
Szerokość Państwo % Poprawnych
81°51'N Rosja
100%
53°34'N Chiny
97%
45°31'N Japonia
97%
55°43'N Kazachstan
97%
52º09'N Mongolia
97%
43°00'N Korea Północna
93%
43°16'N Kirgistan
90%
45°36'N Uzbekistan
88%
42°50'N Turkmenistan
84%
41°53'N Azerbejdżan
57%
Nie znaleziono quizów pasujących do podanych kryteriów
Rozkład punktacji
Procent ludzi z każdym wynikiem
Percentyl według liczby udzielonych odpowiedzi
Twoja historia wyników
Nie rozwiązałeś tego quizu